[Event "Cerdanyola del Valles op-A 29th"]
[Site "Cerdanyola del Valles"]
[Date "2011.11.05"]
[Round "5"]
[White "Romero Funieles, Rafael de Jesus"]
[Black "Torres Morales, Ferran"]
[Result "0-1"]
[WhiteElo "1770"]
[BlackElo "1794"]
[PlyCount "114"]
[EventDate "2011.10.01"]
[EventType "swiss"]
[EventRounds "8"]
[EventCountry "ESP"]
[SourceTitle "EXT 2013"]
[Source "ChessBase"]
[SourceDate "2012.11.22"]
[SourceVersion "1"]
[SourceVersionDate "2012.11.22"]
[SourceQuality "1"]

1. e4 e6 2. d4 d5 3. exd5 exd5 4. Be2 Bd6 5. Nf3 Ne7 6. 0-0 Bf5 7. b3 Nd7 8. c4 c6 9. c5 Bc7 10. Bg5 f6 11. Bd2 Nf8 12. b4 g5 13. a4 Nfg6 14. b5 g4 15. Ne1 h5 16. a5 Qd7 17. Nc3 h4 18. b6 Bxh2+ 19. Kxh2 g3+ 20. fxg3 h3 21. g4 hxg2+ 22. Kxg2 Kf7 23. Rh1 Be4+ 24. Nxe4 dxe4 25. Rxh8 Rxh8 26. Qb3+ Nd5 27. Nc2 Ke7 28. Rf1 Qe6 29. bxa7 Ndf4+ 30. Rxf4 Qxb3 31. Rxe4+ Kd7 32. Ne3 Qg8 33. Nc4 Qh7 34. Nb6+ Kc7 35. a8N+ Kb8 36. Bf4+ Nxf4+ 37. Rxf4 Qh2+ 38. Kf3 Rh3+ 39. Ke4 Qxe2+ 40. Kf5 Rf3 41. Nd7+ Kxa8 42. Nxf6 Qd3+ 43. Kg5 Rxf4 44. Kxf4 Qxd4+ 45. Ne4 Ka7 46. g5 Ka6 47. Kf5 Qd5+ 48. Kf4 Kxa5 49. g6 Qe6 50. Nd6 b5 51. Kg5 Qe5+ 52. Kh6 Qh8+ 53. Kg5 b4 54. Nf5 b3 55. g7 Qxg7+ 56. Nxg7 b2 57. Ne6 b1Q 0-1

[Event "Catalunya-ch U20"]
[Site "Vila Seca"]
[Date "2011.04.21"]
[Round "3"]
[White "Palomo Teruel, Xavier"]
[Black "Torres Morales, Ferran"]
[Result "1-0"]
[WhiteElo "2052"]
[BlackElo "1746"]
[PlyCount "63"]
[EventDate "2011.04.20"]
[EventType "swiss"]
[EventRounds "8"]
[EventCountry "ESP"]
[SourceTitle "EXT 2012"]
[Source "ChessBase"]
[SourceDate "2011.11.24"]
[SourceVersion "1"]
[SourceVersionDate "2011.11.24"]
[SourceQuality "1"]

1. d4 Nf6 2. c4 g6 3. Nc3 Bg7 4. e4 d6 5. f4 0-0 6. Nf3 Nbd7 7. Be2 e5 8. fxe5 dxe5 9. dxe5 Ng4 10. Bg5 Qe8 11. Nd5 Ngxe5 12. Be7 c6 13. Bxf8 Qxf8 14. Nc3 Qc5 15. Nd2 Nb6 16. Nb3 Qe7 17. c5 Nbc4 18. Bxc4 Nxc4 19. Qe2 Be6 20. 0-0 Nxb2 21. Qxb2 Bxb3 22. Qxb3 Qxc5+ 23. Kh1 Qxc3 24. Qxf7+ Kh8 25. Qxb7 Re8 26. Rac1 Qb2 27. Qxb2 Bxb2 28. Rxc6 Rxe4 29. Rc8+ Kg7 30. Rc7+ Kg8 31. Rxa7 Bd4 32. Ra4 1-0

[Event "Catalunya-ch U16"]
[Site "Vila Seca"]
[Date "2011.04.17"]
[Round "2.1"]
[White "Torres Morales, Ferran"]
[Black "Rojano Alfonso, Carlos"]
[Result "1/2-1/2"]
[WhiteElo "1746"]
[BlackElo "2011"]
[PlyCount "127"]
[EventDate "2011.04.16"]
[EventType "swiss"]
[EventRounds "8"]
[EventCountry "ESP"]
[SourceTitle "EXT 2015"]
[Source "ChessBase"]
[SourceDate "2014.11.20"]
[SourceVersion "1"]
[SourceVersionDate "2014.11.20"]
[SourceQuality "1"]

1. e4 e5 2. Nf3 Nc6 3. d4 exd4 4. Nxd4 Nf6 5. Nxc6 bxc6 6. e5 Nd5 7. c4 Nb6 8. Nc3 Ba6 9. b3 Bb4 10. Bb2 Qe7 11. Qe2 0-0 12. 0-0-0 Rab8 13. Qg4 f5 14. exf6 Qxf6 15. Ne4 Qh6+ 16. Ng5 Be7 17. h4 Bxg5+ 18. Qxg5 Qxg5+ 19. hxg5 c5 20. Bd3 g6 21. f3 Rfe8 22. Rh6 Re6 23. Rdh1 Rbe8 24. Rxh7 Re1+ 25. Kd2 Rxh1 26. Rxh1 Re6 27. Rh8+ Kf7 28. Rh7+ Kf8 29. Rg7 d5 30. Rxg6 Rxg6 31. Bxg6 dxc4 32. Ba3 Kg7 33. Bc2 cxb3 34. axb3 c4 35. Bb2+ Kg8 36. Kc3 Nd5+ 37. Kd4 Nb4 38. Kc3 Nxc2 39. Kxc2 Kf7 40. Bd4 cxb3+ 41. Kxb3 Kg6 42. f4 Bf1 43. g3 a6 44. Kc3 Bh3 45. Kd3 Bg4 46. Ke4 a5 47. Kd5 Bf3+ 48. Ke5 Bg4 49. Kd5 Bf3+ 50. Kc5 a4 51. Bb2 c6 52. Kd4 Kf5 53. Bc1 Bd5 54. Kc5 Be4 55. Kd6 Bd5 56. g4+ Kxg4 57. Ke5 Kh5 58. f5 a3 59. Kf6 a2 60. Bb2 Bb3 61. g6 Kh6 62. g7 Kh7 63. Ke7 Kg8 64. f6 1/2-1/2

[Event "Cerdanyola del Valles op 28th"]
[Site "Cerdanyola del Valles"]
[Date "2010.10.23"]
[Round "4"]
[White "Norte Garcia, Andrea"]
[Black "Torres Morales, Ferran"]
[Result "1/2-1/2"]
[WhiteElo "1924"]
[BlackElo "1731"]
[PlyCount "61"]
[EventDate "2010.10.02"]
[EventType "swiss"]
[EventRounds "7"]
[EventCountry "ESP"]
[SourceTitle "EXT 2012"]
[Source "ChessBase"]
[SourceDate "2011.11.24"]
[SourceVersion "1"]
[SourceVersionDate "2011.11.24"]
[SourceQuality "1"]

1. e4 Nf6 2. Nc3 e5 3. Nf3 d6 4. d4 exd4 5. Nxd4 Be7 6. Be2 0-0 7. 0-0 Nbd7 8. f4 Nc5 9. Bf3 c6 10. Re1 Ne6 11. Nf5 Nc7 12. Nxe7+ Qxe7 13. e5 dxe5 14. fxe5 Nfd5 15. Nxd5 Nxd5 16. Bxd5 Qc5+ 17. Be3 Qxd5 18. Qh5 Be6 19. Bf2 Qc4 20. c3 Qg4 21. Qxg4 Bxg4 22. h3 Be6 23. b3 Rfd8 24. Rad1 b6 25. Bh4 Rxd1 26. Rxd1 Kf8 27. Rd6 Rc8 28. Kf2 h6 29. Ke2 g5 30. Bf2 Ke7 31. Bg3 1/2-1/2

[Event "Catalunya-ch U16"]
[Site "Sabadell"]
[Date "2010.02.06"]
[Round "4.4"]
[White "Torres Morales, Ferran"]
[Black "Iglesias Rodriguez, Joel"]
[Result "1-0"]
[WhiteElo "1852"]
[BlackElo "1708"]
[PlyCount "111"]
[EventDate "2010.01.16"]
[EventType "swiss"]
[EventRounds "6"]
[EventCountry "ESP"]
[SourceTitle "EXT 2024"]
[Source "ChessBase"]
[SourceDate "2023.10.10"]
[SourceVersion "1"]
[SourceVersionDate "2023.10.10"]
[SourceQuality "1"]

1. e4 e5 2. Nf3 d6 3. d4 exd4 4. Nxd4 Nf6 5. Nc3 Be7 6. Bc4 Bd7 7. 0-0 Nc6 8. Be3 Ne5 9. Bb3 Ng6 10. h3 0-0 11. f4 c5 12. Nf3 Bc6 13. Qd3 b5 14. Bd5 Bxd5 15. Nxd5 Nxd5 16. Qxd5 Bf6 17. c3 Qe7 18. Rad1 Rad8 19. Rd2 Rfe8 20. Rfd1 Qxe4 21. Qxe4 Rxe4 22. Bxc5 Nxf4 23. Rxd6 Rxd6 24. Bxd6 Ne6 25. Kf2 Bd8 26. Bc5 a5 27. Bd4 h5 28. Be5 Bb6+ 29. Bd4 Bc7 30. g3 g5 31. Nd2 Rxd4 32. cxd4 Nxd4 33. Ne4 Ne6 34. Rd5 b4 35. Nxg5 Ng7 36. Ne4 f5 37. Nf6+ Kf8 38. Nxh5 Nxh5 39. Rxf5+ Kg7 40. Rxh5 Kg6 41. Rd5 Kf6 42. Kf3 Ke6 43. Rd1 Be5 44. Re1 Kf6 45. Rxe5 Kxe5 46. h4 a4 47. h5 a3 48. bxa3 bxa3 49. g4 Kd4 50. h6 Kc3 51. h7 Kb2 52. h8Q+ Kxa2 53. g5 Kb1 54. g6 a2 55. g7 a1Q 56. Qh1+ 1-0